| 000 | 00539nam a2200205Ia 4500 | ||
|---|---|---|---|
| 005 | 20140407103148.0 | ||
| 008 | 140130s9999 xx 000 0 und d | ||
| 020 | _a9788953911475 | ||
| 050 |
_aPZ 7 _b.H4315Te 2003 |
||
| 100 |
_aHerman, Gail. _928877 |
||
| 245 |
_cGail Herman. _aTeddy bear foe sale (w/cd) / |
||
| 260 |
_bScholastic Inc., _cc2003. _aUSA : |
||
| 300 |
_a30 p. : _bcol. ill. ; _cUSA : |
||
| 440 | _v1 | ||
| 521 | _aBR | ||
| 526 | _cBR | ||
| 650 |
_aTeddy bears _xFiction. _931425 |
||
| 942 |
_cBK _2lcc |
||
| 999 |
_c41689 _d41689 |
||